000 00640nam a2200205Ii 4500
003 JO-AjNU
008 230605s9999||||xx |||||||||||||| ||und||
017 _a2003/5775
040 _aJO-AjNU
_bara
_erda
_cJO-AjNU
041 _aara
050 1 4 _aRM330.H48 2003
100 3 _aالهويجي ، عبدالله سالم ,
_eauthor
_938828
245 0 0 _aالادوية المحرمة
264 3 1 _aبنغازي,دار الكتب الوطنية ، 2003
300 _a102ص
336 _atext
_btxt
_2rdacontent
337 _aunmediated
_bn
_2rdamedia
338 _avolume
_bnc
_2rdacarrier
650 4 _aالادوية المحرمة
_938829
999 _aA16346
_c19914
_d19914